000 00658nam a2200265Ia 4500
005 20260121172545.0
008 008 260114s9999 xx 000 0 eng d
020 _a9783662623138
037 _aEBOOK
040 _aCRL
040 _beng
040 _cCRL
041 _2eng
041 _aeng
084 _qCRL
100 _aMasud Chaichian, Hugo Perez Rojas, Anca Tureanu
_91089890
245 0 _aBasic Concepts in Physics
260 _bSpringer
260 _bSpringer
260 _c2021
856 _uhttps://link.springer.com/openurl?genre=book&isbn=978-3-662-62313-8
942 _cEBOOK
999 _c1655629
_d1655629